000 00623nam a2200217Ia 4500
999 _c20448
_d20448
003 OSt
005 20211025111943.0
008 160316s2001 xxu||||| |||| 00| 0 eng d
020 _a9788125020233
040 _cn
082 _a306.100000
_bPOW
100 _aPowell Jim
245 _aPostmodernism for beginners
260 _aHyderabad
_bOrient Law House
_c2001
300 _a163p
365 _bRs.190
650 _a1. Postmodernism - Cultural Change
700 _a
_a
856 _uhttps://www.google.co.in/books/edition/Postmodernism_For_Beginners/sARFAwAAQBAJ?hl=en&gbpv=1&printsec=frontcover
942 _2ddc
_cBK